Čtvrtá průmyslová revoluce, nebo změna srovnatelná s průmyslovou revolucí?

Salvato in:
Dettagli Bibliografici
Autore principale: Valenčík, Radim
Altri autori: Sedláček, Pavel
Natura: Capitolo di libro
Lingua:ceco
Soggetti:
Tags: Aggiungi Tag
Nessun Tag, puoi essere il primo ad aggiungerne!!

MARC

LEADER 00000naa a2200000 4500
001 0268248
005 20220805073834.4
041 0 |a cze 
044 |a CZ 
245 1 0 |a Čtvrtá průmyslová revoluce, nebo změna srovnatelná s průmyslovou revolucí?  |c Radim Valenčík, Pavel Sedláček 
610 2 0 |a priemysel 
610 2 0 |a služby 
610 2 0 |a problémy spoločenské 
610 2 0 |a rozvoj sociálno-ekonomický 
610 2 0 |a generácie 
610 2 0 |a procesy sociálno-ekonomické 
100 1 |a Valenčík, Radim 
700 1 |a Sedláček, Pavel